00270nam a2200109Ia 4500008004100000100001500041245004800056260001700104650001500121942000700136999001700143190216s9999||||xx |||||||||||||| ||und|| aNandakumar 0aMalayalam-Kavitha Kingini Kettiya Kadalukal bNbs Kottayam aKavithakal cBK c26124d26124